| 000 | 00605nam a22002297a 4500 | ||
|---|---|---|---|
| 003 | OSt | ||
| 005 | 20140310181957.0 | ||
| 008 | 130727t xxu||||| |||| 00| 0 eng d | ||
| 020 | _a1569870780 | ||
| 050 |
_aPZ 7 _b.B648 1995 |
||
| 082 |
_aKF _bB618m 1995 |
||
| 100 | _aBligh, William | ||
| 245 |
_aMutiny on the H.M.S. Bounty / _cWilliam Bligh. |
||
| 260 |
_aOhio : _bLandoll, Inc, _cc1995. |
||
| 300 |
_a244 p.: _c14 cm. |
||
| 541 | _j1 | ||
| 541 | _j2 | ||
| 562 | _e2 | ||
| 650 |
_aChildren's literature. _91986 |
||
| 650 |
_aKiddie fiction. _94183 |
||
| 942 |
_2lcc _cBK-KF _kKF |
||
| 999 |
_c7950 _d7950 |
||